Uttar Pradesh district census handbook, Etah (Record no. 508576)

000 -LEADER
fixed length control field 00414cam a22001337a 4500
008 - FIXED-LENGTH DATA ELEMENTS--GENERAL INFORMATION
fixed length control field 180718b1955 xxu||||| |||| 00| 0 eng d
082 ## - DEWEY DECIMAL CLASSIFICATION NUMBER
Classification number A81x5421 In2/51/10
100 ## - MAIN ENTRY--PERSONAL NAME
Personal name Census of India 1961
9 (RLIN) 3993
245 ## - TITLE STATEMENT
Title Uttar Pradesh district census handbook, Etah
260 ## - PUBLICATION, DISTRIBUTION, ETC. (IMPRINT)
Place of publication, distribution, etc Lucknow
Name of publisher, distributor, etc Superintendent, Census Operations
Date of publication, distribution, etc 1965
300 ## - PHYSICAL DESCRIPTION
Extent 177+p.
440 ## - SERIES STATEMENT/ADDED ENTRY--TITLE
Title Census of India 1961. Uttar Pradesh
9 (RLIN) 3994
942 ## - ADDED ENTRY ELEMENTS (KOHA)
Source of classification or shelving scheme
Holdings
Withdrawn status Lost status Source of classification or shelving scheme Damaged status Koha normalized classification for sorting Not for loan Permanent location Current location Date acquired Full call number Barcode Date last seen Price effective from Koha item type
        A_81X5421_IN2_51_100000000000000   Indian Institute of Public Administration Indian Institute of Public Administration 2019-04-02 A81x5421 In2/51/10 GG33258 2019-04-02 2019-04-02 GG

Powered by Koha